| 000 | 00821cam a2200265 4500 | ||
|---|---|---|---|
| 001 | 13410 | ||
| 005 | 20230410132805.0 | ||
| 008 | 060907s1990 nyu gr eng | ||
| 020 | _a0553348167 | ||
| 035 | _9funglode13525 | ||
| 041 | _aeng | ||
| 050 | 1 | 4 |
_aQH 331 _bL911a 1990 |
| 082 | 0 | 4 |
_a575/.01 _220 |
| 100 | 1 |
_aLovelock, James, _d1919- |
|
| 245 | 1 | 4 |
_aThe ages of Gaia : _ba biography of our living earth / _cby James Lovelock ; [foreword by Lewis Thomas]. |
| 250 | _aBantam ed. | ||
| 260 |
_aNew York : _bBantam Books, _c1990 |
||
| 300 |
_axix, 252 p. : _bill. ; _c21 cm. |
||
| 490 | 0 | _aThe Commonwealth Fund Book Program | |
| 504 | _aIncludes bibliographical references (p. 239-244) and index. | ||
| 650 | 0 |
_aBiology _xPhilosophy. |
|
| 650 | 0 | _aBiosphere. | |
| 650 | 0 | _aLife (Biology) | |
| 942 |
_2lcc _cbk |
||
| 999 |
_c87808 _d87808 |
||